| 000 | 00344nam a2200133 a 4500 | ||
|---|---|---|---|
| 005 | 20141022141959.0 | ||
| 008 | 120229s19uu xx 00 eng d | ||
| 050 |
_aCD-ROM _bB39 2002 |
||
| 100 | _aBeebe, Steven A. | ||
| 245 |
_aThe interpersonal communication book / _cSteven A. Beebe. |
||
| 250 | _a9th ed. | ||
| 260 | _c2002. | ||
| 942 | _cAVM | ||
| 999 |
_c276184 _d276184 |
||